000 00426nam a2200181Ia 4500
005 20240823045322.0
008 240823s9999||||xx |||||||||||||| ||und||
041 _aENGLISH
082 _A658.424 P4
100 _aRichard Regis
245 0 _aStress Management
250 _a1st
260 _c2004
_bNational Hrd Net
500 _aYES
650 _aStress Management
_bManagement Studies
942 _cBK
999 _c214685
_d214685